Duarte Darmas: do cálamo ao drone (Record no. 16428)
[ view plain ]
| 000 -Etiqueta do registo | |
|---|---|
| Valores | 00366nam a2200133 4500 |
| 021 ## - Número do Depósito Legal | |
| Número | 491428/21 |
| 100 ## - Dados gerais de processamento | |
| Dados gerais | 20251016 pory50 |
| 200 ## - Titulo e menção de responsabilidade | |
| Título próprio | Duarte Darmas: do cálamo ao drone |
| Primeira menção de responsabilidade | Santiago Macias |
| Outras menções de responsabilidade | Fernando Branco Correia |
| 210 ## - Publicação | |
| Local de publicação | [S.L.] |
| Nome do editor | MultiCulti |
| Data de publicação | 2021 |
| 215 ## - Descrição física | |
| Paginação / Volumes | 135p. |
| Outras indicações físicas | fot. |
| Dimensões | 28 cm |
| 801 ## - Fonte de origem | |
| País | PT |
| Agência | BMA |
| Regras de catalogação | RPC |
| 990 ## - Elementos KOHA | |
| Tipo de documento | Livro |
| Situação do levantamento | Estado | Biblioteca de origem | Código de barras | Cota | Permissão de empréstimo | Tipo de documento | Forma de aquisição |
|---|---|---|---|---|---|---|---|
| Biblioteca Municipal do Alandroal | 18159/24 | 728.81(469.5) MAC | Livro | Oferta |